000 01353nam1a22002291i 4500
001 rc\3453167
005 20260406151852.0
035 _a(NLR Aleph) 007892641
090 _a7987792
_c7987792
100 _a20130115d1969 |||y0rusy50 ca
101 0 _arus
102 _aRU
105 _ay ag |||||
200 1 _aОрганизация справочно-информационного фонда
_eБиблиогр. список отеч. литературы
_fОбъединение по руководству науч.-техн. информацией и пропагандой в РСФСР при Гос. ком. Совета Министров СССР по науке и технике. Ленингр. межотраслевой территор. центр науч.-техн. информации и пропаганды
210 _aЛенинград
_cБ. и.
_d1969
215 _d30
606 _aСправочно-информационные фонды
_xОрганизация
_jБиблиография
_2psbo
712 0 2 _aЛенинградский межотраслевой территориальный центр научно-технической информации и пропаганды
_9350399
_3RU\NLR\AUTH\889927382
801 0 _aRU
_bNLR
_gpsbo
801 1 _aRU
_bELAR
_2rusmarc
852 _aNLR
_jС11-420/О-64
942 _cBOOK